000 00779cam a2200265 a 4500
001 000008497
005 20200929161341.0
008 000526s2000 sp c b 000 e spa d
020 _a8420478652
040 _aDO-SdBNP
_cDLC
_dDLC
082 _a928
_bM333v
100 1 _aMarías, Javier,
_d1951-
_917831
245 1 0 _aVidas escritas /
_cJavier Marías.
250 _aEd. ampliada.
260 _aMadrid :
_bAlfaguara,
_cc2000.
300 _a281 p., :
_bretrs. ;
_c23 cm.
490 1 _aTextos de escritos
650 4 _aAutores
_ySIGLO XIX
_xBibliografía
_922819
650 4 _aAutores
_ySIGLO XX
_xBibliografía
_922820
650 4 _aLiteratura española
_9632
830 0 _aTextos de escritos
_913690
910 _aCatalogación por copia / LC
910 _aWM
049 _aBNGR
999 _c8268
_d8268